000 00555nam a2200193Ia 4500
005 20250326144951.0
008 250326s9999 xx 000 0 und d
020 _a0-8204-7400-2
037 _aTextbook
040 _aFMSL
_beng
_cFMSL
041 _aeng
_2eng
084 _aX8(A):8 P6
_qFMSL
100 _aFritz Janie M H
_9750393
245 0 _aProblematic relationships in the workplace
_cFritz Janie M H; Omdahl B L
260 _aNY
_bNY, Peter Lang
_c2006
300 _axxi,322
942 _cTB
_hX8(A):8 P6
999 _c1305839
_d1305839